| 000 | 00527nam a2200205Ia 4500 | ||
|---|---|---|---|
| 008 | 230125s9999 xx 000 0 und d | ||
| 020 | _a978-81-265-7306-6 | ||
| 041 | _aeng | ||
| 082 |
_a658 _bLUC |
||
| 100 |
_aLuchs M _9117369 |
||
| 245 | _aDesign Thinking | ||
| 260 |
_c2018 _bWiley Publication _aNew Delhi |
||
| 300 | _a431p | ||
| 440 | _v5 | ||
| 500 | _aDesign Thinking;General Management; | ||
| 650 | _aManagement | ||
| 700 |
_aLuchs M; Swan S K & Griffin A _9117370 |
||
| 906 | _b27 | ||
| 999 |
_c95146 _d95146 |
||